| 000 | 00798nam a2200229Ia 4500 | ||
|---|---|---|---|
| 003 | OSt | ||
| 005 | 20230405151950.0 | ||
| 008 | 210423s2015 xx 000 0 und d | ||
| 020 | _a978-81-265-2515-7 | ||
| 040 | _cAL | ||
| 041 | _aeng | ||
| 082 |
_a658.15028 _223 _bPROB |
||
| 100 |
_aPROCTOR (Scott K) _964527 |
||
| 245 |
_aBuilding financial models with microsoft excel: a guide for business professionals Ed 2 _bIncludes CD-ROM with financial model spreadsheets |
||
| 250 | _a2 | ||
| 260 |
_aNew Delhi _bWiley India Pvt Ltd _c2015 |
||
| 300 |
_axix,356 _bPB |
||
| 365 |
_b649 _cINR |
||
| 650 |
_aFinancial Management _964528 |
||
| 906 | _aBuilding ; business ; CD-ROM ; excel: ; financial ; guide ; includes ; microsoft ; model ; models ; professionals ; spreadsheets | ||
| 942 |
_2ddc _cBK |
||
| 999 |
_c169200 _d169200 |
||